000 00641nam a2200193 a 4500
005 20210223120434.0
008 991125s1938 ag 000 0 spa u
035 _aUPN01000001215
049 _aCG
050 4 _aDS708
_bS8.3
100 1 _aSuda, Emanuel
245 1 0 _aAgonía y despertar de China :
_bhistoria crítica de su pasado y presente, su significación futura /
_cEmanuel Suda.
260 _aBuenos Aires :
_bClaridad,
_c1938.
300 _a93 p., [8] p. de láms.
651 4 _aCHINA -
_xHISTORIA -
_y1900-
_911870
651 4 _aCHINA -
_xHISTORIA -
_xCRONOLOGIA
_911849
651 4 _aCHINA -
_xHISTORIA MILITAR
_911874
905 _aLibro
999 _c1215
_d1215